000 00890nam a2200253Ia 4500
003 OSt
005 20220923211251.0
006 a|||||r|||| 00| 0
007 ta
008 220922b |||||||| |||| 00| 0 pan d
020 _a9788178833651 (hbk)
_c180
024 _a243,539
037 _b307, 08/10/2010, H.K. Prakashan
_cTextual
040 _aARTS
_cARTS
_bpan
041 _2pan
_apan
082 _aO153,1:g, P9
100 _aਗਾਸੋ, ਸੁਦਰFਨ
245 0 _aਪਰਵਾਸੀ ਪੰਜਾਬੀ ਕਵਿਤਾ
_b ਵਿਚਾਰਧਾਰਕ ਪਰਿਪੇਖ
260 _aਲੁਧਿਆਣਾ
_b ਚੇਤਨਾ ਪ੍ਰਕਾFਨ
_c2009
300 _a152ਪੰ
_ccm.
650 _aਪੰਜਾਬੀ ਸਾਹਿਤ
942 _hO153,1:g, P9
_cTEXL
_2CC
999 _c297957
_d297957